Seis países más cercanos: Antigua y Barbuda - Estadísticas

Estadísticas generales
  • Esta prueba ha sido intentada 14 veces
  • La puntuación promedio es 3 de 6
Estadísticas de respuestas
km país % Correcto
154 Dominica
64%
467 Barbados
55%
68 San Cristóbal y Nieves
55%
333 Santa Lucía
55%
409 San Vicente y las Granadinas
55%
500 Granada
45%
No se encontraron pruebas coincidentes
Distribución de puntuación
Porcentaje de gente con cada puntuación
Porcentaje por número respondido
Historial de tus puntuaciones
No has intentado esta prueba.